| 000 | 00694nam a2200181Ia 4500 | ||
|---|---|---|---|
| 005 | 20260429112246.0 | ||
| 008 | 260429s9999||||xx |||||||||||||| ||und|| | ||
| 020 | _a9788178543215 | ||
| 041 | _aHindi | ||
| 082 |
_a294.5924 _bBRA |
||
| 100 | _aब्रजपुरिया, रामस्वरुप | ||
| 245 | 0 |
_aश्रीमदभगवदगीता : _bक्रमिक स्वाध्याय (पूर्वार्द्ध) / _cरामस्वरुप ब्रजपुरिया |
|
| 250 | _a0 | ||
| 260 |
_aदिल्ली : _bईस्टर्न बुक लिंकर, _c2017. |
||
| 300 | _axiv, 441 p.; Hb | ||
| 650 | _aReligion | ||
| 942 | _cTB | ||
| 999 |
_c53169 _d53169 |
||